Statistiques concernant Cyclisme- Coureurs victorieux en World Tour en 2023

Cliquez ici pour prendre le quiz!

Statistiques générales

  • Ce quiz a été pris 121 fois
  • Le résultat moyen est 34 sur 84

Statistiques - réponses

Nb de victoiresNationalitéEquipeCoureur% Correct
10SlovénieUAE Team EmiratesTadej Pogacar
100%
11SlovénieTeam Jumbo-VismaPrimoz Roglic
98%
11DanemarkTeam Jumbo-VismaJonas Vingegaard
96%
11BelgiqueSoudal-Quick StepRemco Evenepoel
96%
4FranceTeam Jumbo-VismaChristophe Laporte
87%
8BelgiqueAlpecin-DeceuninckJasper Philipsen
86%
5Royaume-UniUAE Team EmiratesAdam Yates
77%
4SlovénieBahrain-VictoriousMatej Mohoric
77%
3DanemarkLidl-TrekMads Pedersen
74%
2Pays-BasAlpecin-DeceuninckMathieu Van der Poel
74%
1Royaume-UniTeam Jayco AlUlaSimon Yates
67%
1FranceSoudal-Quick StepJulian Alaphilippe
66%
2ItalieIneos-GrenadiersFilippo Ganna
65%
2AutricheAG2R-Citroën TeamFelix Gall
64%
5BelgiqueSoudal-Quick StepTim Merlier
64%
3EspagneUAE Team EmiratesJuan Ayuso
63%
1BelgiqueTeam Jumbo-VismaWout Van Aert
61%
2Etats-UnisTeam Jumbo-VismaSepp Kuss
57%
2EspagneBahrain-VictoriousPello Bilbao
55%
6AustralieAlpecin-DeceuninckKaden Groves
54%
1Royaume-UniIneos GrenadiersTom Pidcock
52%
1SuisseGroupama-FDJStefan Küng
51%
4Pays-BasTeam Jumbo-VismaOlav Kooij
50%
1ErythréeIntermarché-Circus-WantyBiniam Girmay
48%
1Pays-BasTeam Jumbo-VismaDylan Van Baarle
48%
1PortugalUAE Team EmiratesJoao Almeida
48%
1FranceCofidisVictor Lafay
48%
2ItalieLidl-TrekGiulio Ciccone
47%
1DanemarkSoudal-Quick StepKasper Asgreen
45%
1Royaume-UniAstana Qazaqstan TeamMark Cavendish
45%
1PologneIneos-GrenadiersMichal Kwiatkowski
42%
1EspagneIneos GrenadiersCarlos Rodriguez
41%
1FranceCofidisBryan Coquard
40%
1EspagneCofidisIon Izagirre
39%
1FranceGroupama-FDjValentin Madouas
38%
1IrlandeEF Education-Easy PostBen Healy
37%
1AustralieBora-HansgroheJai Hindley
37%
1BelgiqueLotto-DstnyArnaud De Lie
36%
2ItalieBahrain-VictoriousJonathan Milan
36%
1DanemarkLidl-TrekMattias Skjelmose
36%
1PortugalIntermarché-Circus-WantyRui Costa
36%
2Pays-BasBahrain-VictoriousWout Poels
36%
3ColombieUAE Team EmiratesJuan Sebastian Molano
35%
1CanadaIsraël Premier TechMichael Woods
34%
1PologneUAE Team EmiratesRafal Majka
34%
1ColombieBora-HansgroheSergio Higuita
34%
1DanemarkUAE Team EmiratesMikkel Bjerg
33%
1Pays-BasSoudal-Quick StepFabio Jakobsen
32%
1ItalieEF Education-Easy PostAlberto Bettiol
30%
1Pays-BasTeam Jayco AlUlaDylan Groenewegen
30%
1AustralieUAE Team EmiratesJay Vine
30%
1AustralieTeam Jayco AlUlaMichael Matthews
30%
1Etats-UnisUAE Team EmiratesBrandon McNulty
29%
1AllemangeBora-HansgroheLennard Kämna
29%
1AustralieTeam Jumbo-VismaRohan Dennis
28%
2ItalieTeam dsm-firmenichAlberto Dainese
27%
1DanemarkEF Education-Easy PostMagnus Cort
27%
1AllemagneBahrain-VictoriousPhil Bauhaus
27%
1BelgiqueUAE Team EmiratesTim Wellens
27%
1ColombieMovistar TeamFernando Gaviria
26%
1Pays-BasEF Eduaction-Easy PostMarijn Van den Berg
26%
1AllemagneIntermarché-Circus-WantyGeorg Zimmermann
25%
1EspagneCofidisJesus Herrada
25%
1République TchèqueSoudal Quick-StepJosef Cerny
25%
1DanemarkLotto-DstnyAndreas Kron
24%
1FranceAG2R Citroën TeamAurélien Paret-Peintre
24%
1ItalieEOLO-KometaDavide Bais
23%
2ColombieMovistar TeamEiner Rubio
23%
1BelgiqueBora-HansgroheJordi Meeus
23%
1ItalieIneos-GrenadiersElia Viviani
22%
1ItalieSoudal Quick-StepMattia Cattaneo
22%
2Royaume-UniIneos-GrenadiersEthan Hayter
21%
1FranceTotalEnergiesGeoffrey Soupe
21%
1Royaume-UniIneos GrenadiersJoshua Tarling
21%
1DanemarkAlpecin-DeceuninckSøren Kragh Andersen
21%
1ItalieTeam Jayco AlUlaFilippo Zana
18%
1AustralieTeam dsm-firmenichSam Welsford
18%
1Royaume-UniSoudal-Quick StepEthan Vernon
17%
2AllemagneBora-HansgroheNico Denz
17%
1AllemagneBora-HansgrohePascal Ackermann
16%
1AllemagneTeam dsm-firmenichMarius Mayrhofer
14%
1Pays-BasIntermarché-Circus-WantyMike Teunissen
13%
2Pays-BasTeam Jumbo-VismaMilan Vader
12%
1Pays-BasBora-HansgroheIde Schelling
7%

Distribution des résultats

Percentile par nombre de réponses

% des personnes avec chaque résultat

Votre développement - résultats

Vous n’avez pas pris ce quiz